00785nam a2200277Ia 450000500170000000800460001702000180006303700100008104000080009104000080009904000080010704100080011504100080012308400080013110000310013924500650017024500520023526000230028726000090031036500050031936500080032485600530033294200100038599900210039595200910041620260324123408.0008 260324s9999 xx 000 0 eng d a9780429252020 aEBOOK aCRL beng cCRL 2eng aeng qCRL aThomas A. Johnson91157635 0aPower, National Security, and Transformational Global Events 0bChallenges Confronting America, China, and Iran bTaylor and Francis c2012 a b170 uhttp://www.taylorfrancis.com/books/9780429252020 cEBOOK c1763645d1763645 00104070aCRLbCRLd2026-03-24l0pCL2045837r2026-03-24 12:34:08w2026-03-24yEBOOK